| 000 | 00780cam a2200253 4500 | ||
|---|---|---|---|
| 001 | 20902 | ||
| 003 | BD-RjUL | ||
| 005 | 20211209000627.0 | ||
| 008 | 140302s1967 enk 001 0 eng d | ||
| 035 | _a(BD-RjUL) 20964 | ||
| 040 |
_aDLC _cDLC _dBD-RjUL _beng |
||
| 041 | _aeng | ||
| 082 | 0 | 0 |
_a821.1 _bKEP 1967 |
| 100 | 1 |
_aKean, P. M. _q(Patricia Margaret) _960596 |
|
| 245 | 1 | 4 |
_aThe Pearl : an interpretation / _c P. M. Kean. |
| 260 |
_aLondon : _bRoutledge & K. Paul, _c1967. |
||
| 300 |
_ax, 246 p. ; _c22 cm. |
||
| 500 | _aIncludes index. | ||
| 650 | 0 |
_aChristian poetry, English (Middle) _xHistory and criticism. _964560 |
|
| 650 | 0 |
_aChristianity and literature _zEngland _xHistory _yTo 1500. _964561 |
|
| 942 |
_2ddc _cBK |
||
| 999 |
_c20902 _d20902 |
||